[Event "NDVM 2019 U16"]
[Site "Kiel"]
[Date "2019.09.09"]
[Round "6.8"]
[White "Gillmeister, Gino"]
[Black "Bornholdt, Joa Max"]
[Result "1-0"]
[BlackElo "1868"]
[WhiteElo "1593"]
[LiveChessVersion "1.4.8"]

1. b3 {[%clk 1:30:51]} d5 {[%clk 1:30:33]} 2. e3 {[%clk 1:31:14]} c5
{[%clk 1:30:14]} 3. Bb5+ {[%clk 1:31:31]} Bd7 {[%clk 1:30:15]} 4. Bxd7+
{[%clk 1:31:53]} Nxd7 {[%clk 1:30:37]} 5. Bb2 {[%clk 1:32:19]} Ngf6
{[%clk 1:30:13]} 6. f4 {[%clk 1:32:42]} e6 {[%clk 1:29:04]} 7. Nf3
{[%clk 1:33:07]} Bd6 {[%clk 1:29:06]} 8. O-O {[%clk 1:31:05]} Qe7
{[%clk 1:26:34]} 9. Na3 {[%clk 1:29:57]} a6 {[%clk 1:26:07]} 10. c4
{[%clk 1:29:37]} d4 {[%clk 1:15:27]} 11. Nc2 {[%clk 1:29:53]} dxe3
{[%clk 1:15:38]} 12. dxe3 {[%clk 1:30:09]} O-O {[%clk 1:15:39]} 13. Ne5
{[%clk 1:25:50]} Bc7 {[%clk 0:57:28]} 14. Qf3 {[%clk 1:20:40]} Rab8
{[%clk 0:57:44]} 15. Nxd7 {[%clk 1:17:04]} Nxd7 {[%clk 0:57:59]} 16. e4
{[%clk 1:17:23]} b5 {[%clk 0:56:50]} 17. Ne3 {[%clk 1:17:25]} Nb6
{[%clk 0:54:02]} 18. f5 {[%clk 1:08:26]} f6 {[%clk 0:49:24]} 19. cxb5
{[%clk 1:02:55]} axb5 {[%clk 0:49:44]} 20. Qg4 {[%clk 1:03:19]} c4
{[%clk 0:38:33]} 21. fxe6 {[%clk 1:03:19]} Qc5 {[%clk 0:38:49]} 22. Rae1
{[%clk 0:43:17]} Rbe8 {[%clk 0:32:49]} 23. Bxf6 {[%clk 0:43:04]} Rxf6
{[%clk 0:31:36]} 24. Rxf6 {[%clk 0:43:12]} Qe5 {[%clk 0:29:51]} 25. Rf7
{[%clk 0:34:34]} c3 {[%clk 0:21:00]} 26. Nf5 {[%clk 0:31:46]} g6 {[%clk 0:20:02]}
27. Qh4 {[%clk 0:31:39]} h5 {[%clk 0:18:19]} 28. Rg7+ {[%clk 0:30:59]} Qxg7
{[%clk 0:17:03]} 29. Nxg7 {[%clk 0:31:21]} Kxg7 {[%clk 0:17:31]} 30. Qh3
{[%clk 0:29:59]} Be5 {[%clk 0:17:33]} 31. a3 {[%clk 0:24:38]} Rc8
{[%clk 0:13:44]} 32. e7 {[%clk 0:20:39]} Kf7 {[%clk 0:13:28]} 33. Qd3
{[%clk 0:19:32]} Kxe7 {[%clk 0:12:28]} 34. Qxb5 {[%clk 0:19:51]} Bd4+
{[%clk 0:12:40]} 35. Kf1 {[%clk 0:19:39]} Rf8+ {[%clk 0:11:10]} 36. Ke2
{[%clk 0:20:02]} Rf2+ {[%clk 0:10:55]} 37. Kd1 {[%clk 0:20:26]} Rd2+
{[%clk 0:06:37]} 38. Kc1 {[%clk 0:20:45]} Ke6 {[%clk 0:05:25]} 39. Re2
{[%clk 0:20:32]} Rb2 {[%clk 0:05:08]} 40. Rxb2 {[%clk 0:19:52]} cxb2+
{[%clk 0:05:36]} 41. Kb1 {[%clk 0:19:59]} Nd7 {[%clk 0:05:39]} 42. Qd5+
{[%clk 0:20:16]} 1-0

[Event "NDVM 2019 U16"]
[Site "Kiel"]
[Date "2019.09.09"]
[Round "6.9"]
[White "Reimer, Philip"]
[Black "Pahl, Erik"]
[Result "0-1"]
[BlackElo "1990"]
[WhiteElo "2016"]
[LiveChessVersion "1.4.8"]

1. e4 {[%clk 1:30:58]} c5 {[%clk 1:30:53]} 2. Nf3 {[%clk 1:31:27]} d6
{[%clk 1:31:16]} 3. d4 {[%clk 1:31:53]} cxd4 {[%clk 1:31:41]} 4. Nxd4
{[%clk 1:32:21]} Nf6 {[%clk 1:32:03]} 5. Nc3 {[%clk 1:32:50]} a6 {[%clk 1:32:26]}
6. Bg5 {[%clk 1:33:16]} Nbd7 {[%clk 1:32:49]} 7. f4 {[%clk 1:32:47]} h6
{[%clk 1:33:10]} 8. Bh4 {[%clk 1:32:52]} g6 {[%clk 1:33:33]} 9. Qf3
{[%clk 1:30:40]} Qc7 {[%clk 1:28:00]} 10. O-O-O {[%clk 1:28:49]} b5
{[%clk 1:27:50]} 11. Nd5 {[%clk 1:11:30]} Nxd5 {[%clk 1:27:11]} 12. exd5
{[%clk 1:11:58]} Bb7 {[%clk 1:25:19]} 13. Bd3 {[%clk 0:59:24]} g5
{[%clk 1:22:47]} 14. fxg5 {[%clk 0:57:42]} Ne5 {[%clk 1:22:07]} 15. Qh5
{[%clk 0:53:32]} Bxd5 {[%clk 1:17:31]} 16. Bf5 {[%clk 0:39:50]} Qa5
{[%clk 1:05:30]} 17. Rhe1 {[%clk 0:19:04]} Qxa2 {[%clk 0:58:41]} 18. Rxe5
{[%clk 0:14:37]} dxe5 {[%clk 0:58:49]} 19. Nb3 {[%clk 0:13:22]} Bg7
{[%clk 0:37:16]} 20. Rxd5 {[%clk 0:12:53]} hxg5 {[%clk 0:37:35]} 21. Qf3
{[%clk 0:05:00]} gxh4 {[%clk 0:35:48]} 22. Rd4 {[%clk 0:03:45]} Bh6+
{[%clk 0:29:14]} 23. Kd1 {[%clk 0:04:06]} Rb8 {[%clk 0:28:49]} 24. Qc6+
{[%clk 0:04:01]} Kf8 {[%clk 0:29:13]} 25. Qc7 {[%clk 0:03:46]} Re8
{[%clk 0:25:34]} 26. Rd8 {[%clk 0:03:33]} Rxd8+ {[%clk 0:25:41]} 27. Qxd8+
{[%clk 0:04:02]} Kg7 {[%clk 0:26:04]} 28. Qxe7 {[%clk 0:04:18]} Qxb2
{[%clk 0:24:47]} 29. Qxh4 {[%clk 0:04:33]} Bf4 {[%clk 0:17:44]} 30. Qg4+
{[%clk 0:04:12]} Kf8 {[%clk 0:16:58]} 31. h3 {[%clk 0:02:48]} Qc3
{[%clk 0:16:46]} 32. Bd3 {[%clk 0:01:58]} Rg8 {[%clk 0:15:30]} 33. Qf3
{[%clk 0:02:26]} Rg3 {[%clk 0:12:56]} 34. Qd5 {[%clk 0:01:37]} Re3
{[%clk 0:10:41]} 35. Qd8+ {[%clk 0:02:06]} Kg7 {[%clk 0:10:56]} 36. Qh4
{[%clk 0:02:34]} Rxd3+ {[%clk 0:11:11]} 37. cxd3 {[%clk 0:02:46]} Qxb3+
{[%clk 0:11:33]} 38. Ke2 {[%clk 0:02:11]} Qc2+ {[%clk 0:11:28]} 39. Kf3
{[%clk 0:02:12]} Qxd3+ {[%clk 0:11:43]} 40. Kg4 {[%clk 0:02:26]} f5+
{[%clk 0:11:24]} 41. Kh5 {[%clk 0:02:53]} Qd6 {[%clk 0:11:21]} 42. Qf2
{[%clk 0:03:03]} Qh6# 0-1

[Event "NDVM 2019 U16"]
[Site "Kiel"]
[Date "2019.09.09"]
[Round "6.10"]
[White "Pahl, Theis"]
[Black "Dornieden, Jonas"]
[Result "0-1"]
[BlackElo "1929"]
[WhiteElo "1895"]
[LiveChessVersion "1.4.8"]

1. e4 {[%clk 1:30:56]} c6 {[%clk 1:30:55]} 2. d4 {[%clk 1:31:19]} d5
{[%clk 1:31:21]} 3. f3 {[%clk 1:31:42]} Qb6 {[%clk 1:31:46]} 4. Nc3
{[%clk 1:31:48]} dxe4 {[%clk 1:32:05]} 5. fxe4 {[%clk 1:31:40]} e5
{[%clk 1:32:28]} 6. Nf3 {[%clk 1:31:35]} exd4 {[%clk 1:32:48]} 7. Nxd4
{[%clk 1:28:33]} Bc5 {[%clk 1:33:07]} 8. Na4 {[%clk 1:28:30]} Qa5+
{[%clk 1:33:09]} 9. c3 {[%clk 1:28:35]} Bd6 {[%clk 1:32:48]} 10. b4
{[%clk 1:24:54]} Bxb4 {[%clk 1:18:24]} 11. cxb4 {[%clk 1:09:36]} Qxb4+
{[%clk 1:18:40]} 12. Kf2 {[%clk 1:09:41]} Nf6 {[%clk 1:16:33]} 13. a3
{[%clk 1:00:19]} Nxe4+ {[%clk 1:07:25]} 14. Kg1 {[%clk 1:00:23]} Qd6
{[%clk 1:05:31]} 15. Be3 {[%clk 0:55:44]} O-O {[%clk 0:55:09]} 16. Qf3
{[%clk 0:52:11]} f5 {[%clk 0:49:41]} 17. Nb2 {[%clk 0:46:19]} b5 {[%clk 0:40:00]}
18. Bd3 {[%clk 0:43:32]} Qe5 {[%clk 0:29:49]} 19. Qf4 {[%clk 0:40:34]} Qe7
{[%clk 0:24:47]} 20. h4 {[%clk 0:36:17]} a6 {[%clk 0:23:24]} 21. Bxe4
{[%clk 0:24:48]} fxe4 {[%clk 0:22:06]} 22. Qg5 {[%clk 0:24:54]} Qd6
{[%clk 0:21:26]} 23. h5 {[%clk 0:24:04]} h6 {[%clk 0:20:05]} 24. Qg6
{[%clk 0:23:01]} Qxg6 {[%clk 0:17:53]} 25. hxg6 {[%clk 0:23:29]} Rf6
{[%clk 0:18:04]} 26. Rh4 {[%clk 0:20:22]} Rxg6 {[%clk 0:16:02]} 27. Rxe4
{[%clk 0:19:31]} Bh3 {[%clk 0:13:58]} 28. g3 {[%clk 0:19:20]} c5 {[%clk 0:09:05]}
29. Ne2 {[%clk 0:19:31]} Nd7 {[%clk 0:08:32]} 30. Rd1 {[%clk 0:17:33]} Nf6
{[%clk 0:05:10]} 31. Re5 {[%clk 0:15:57]} c4 {[%clk 0:04:03]} 32. Bf4
{[%clk 0:10:02]} Bg4 {[%clk 0:03:27]} 33. Kf2 {[%clk 0:08:39]} c3
{[%clk 0:02:16]} 34. Nd3 {[%clk 0:07:46]} Rd8 {[%clk 0:02:22]} 35. Nb2
{[%clk 0:06:16]} Rc8 {[%clk 0:02:01]} 36. Rc1 {[%clk 0:05:50]} cxb2
{[%clk 0:02:20]} 0-1

[Event "NDVM 2019 U16"]
[Site "Kiel"]
[Date "2019.09.09"]
[Round "6.11"]
[White "Haselhorst, Nils"]
[Black "Rabe, Maximilian"]
[Result "1-0"]
[BlackElo "1580"]
[WhiteElo "1701"]
[LiveChessVersion "1.4.8"]

1. e4 {[%clk 1:30:57]} a6 {[%clk 1:30:52]} 2. d4 {[%clk 1:29:25]} b5
{[%clk 1:30:58]} 3. Nf3 {[%clk 1:26:31]} Bb7 {[%clk 1:30:43]} 4. Bd3
{[%clk 1:26:25]} e6 {[%clk 1:30:41]} 5. O-O {[%clk 1:25:07]} Nf6 {[%clk 1:29:53]}
6. Re1 {[%clk 1:23:05]} d5 {[%clk 1:23:22]} 7. e5 {[%clk 1:19:17]} Ne4
{[%clk 1:20:48]} 8. Nbd2 {[%clk 1:10:22]} Nxd2 {[%clk 1:12:47]} 9. Qxd2
{[%clk 1:08:32]} c5 {[%clk 1:10:30]} 10. c3 {[%clk 1:06:51]} c4 {[%clk 1:08:39]}
11. Bc2 {[%clk 1:06:34]} Be7 {[%clk 1:07:24]} 12. Qf4 {[%clk 1:03:17]} h6
{[%clk 1:04:39]} 13. Qg3 {[%clk 1:00:55]} g5 {[%clk 0:54:25]} 14. h4
{[%clk 0:46:12]} Rg8 {[%clk 0:49:04]} 15. hxg5 {[%clk 0:44:21]} hxg5
{[%clk 0:44:12]} 16. Nxg5 {[%clk 0:36:05]} Rxg5 {[%clk 0:31:09]} 17. Bxg5
{[%clk 0:36:19]} Bxg5 {[%clk 0:31:29]} 18. Rf1 {[%clk 0:31:19]} Nc6
{[%clk 0:27:03]} 19. f4 {[%clk 0:30:45]} Bh4 {[%clk 0:25:26]} 20. Qg4
{[%clk 0:25:25]} Kd7 {[%clk 0:23:33]} 21. f5 {[%clk 0:21:25]} Qh8
{[%clk 0:19:16]} 22. fxe6+ {[%clk 0:20:29]} fxe6 {[%clk 0:19:30]} 23. Rf7+
{[%clk 0:20:31]} Ne7 {[%clk 0:19:52]} 24. Rh7 {[%clk 0:20:04]} Bf2+
{[%clk 0:14:11]} 25. Kxf2 {[%clk 0:19:55]} Qf8+ {[%clk 0:14:27]} 26. Kg1
{[%clk 0:18:17]} Kc6 {[%clk 0:12:37]} 27. Qxe6+ {[%clk 0:17:54]} Kc7
{[%clk 0:12:22]} 28. Rxe7+ {[%clk 0:17:23]} Kb8 {[%clk 0:12:41]} 29. Qd6+
{[%clk 0:17:07]} 1-0

[Event "NDVM 2019 U16"]
[Site "Kiel"]
[Date "2019.09.09"]
[Round "6.12"]
[White "Alhamid, Mohamad"]
[Black "Kosmehl, Konrad"]
[Result "1-0"]
[BlackElo "1556"]
[WhiteElo "1716"]
[LiveChessVersion "1.4.8"]

1. e4 {[%clk 1:30:58]} c6 {[%clk 1:30:58]} 2. d4 {[%clk 1:31:23]} d5
{[%clk 1:31:24]} 3. Nd2 {[%clk 1:31:52]} dxe4 {[%clk 1:30:58]} 4. Nxe4
{[%clk 1:32:20]} Bf5 {[%clk 1:31:20]} 5. Ng3 {[%clk 1:32:36]} Bg6
{[%clk 1:31:41]} 6. Nh3 {[%clk 1:32:58]} h6 {[%clk 1:29:54]} 7. Nf4
{[%clk 1:33:18]} Bh7 {[%clk 1:26:55]} 8. Ngh5 {[%clk 1:31:37]} Nd7
{[%clk 1:23:03]} 9. c3 {[%clk 1:29:05]} Ngf6 {[%clk 1:22:03]} 10. Bc4
{[%clk 1:26:46]} e6 {[%clk 1:09:29]} 11. O-O {[%clk 1:23:36]} Bd6
{[%clk 1:07:48]} 12. Nxg7+ {[%clk 1:23:24]} Kf8 {[%clk 1:03:15]} 13. Ngxe6+
{[%clk 1:23:52]} 1-0

[Event "SV Empor Berlin-Greifswalder SV"]
[Site "Kiel"]
[Date "2019.09.09"]
[Round "6.1"]
[White "Fromm, Marius"]
[Black "Sulayev, Daniel"]
[Result "1-0"]
[WhiteElo "2069"]
[BlackElo "2140"]
[Annotator "Rnd./Pair./Board: 06.004.01"]
[PlyCount "110"]
[EventDate "2019.??.??"]
[WhiteTeam "Greifswalder SV"]
[BlackTeam "SV Empor Berlin"]

1. Nf3 c5 2. c4 Nc6 3. Nc3 g6 4. e3 Bg7 5. d4 cxd4 6. exd4 d6 7. h3 Bf5 8. Be2
Nf6 9. d5 Nb8 10. Nd4 Bd7 11. O-O O-O 12. Be3 a5 13. b3 Na6 14. a3 Nc5 15. Qc2
e5 16. dxe6 Nxe6 17. Rad1 Bc6 18. Ndb5 Bxb5 19. Nxb5 Ra6 20. Bf3 Qb8 21. Rd2
Nd7 22. Bd5 Nc7 23. Nxc7 Qxc7 24. Rfd1 Rc8 25. h4 Nf6 26. Bf3 a4 27. b4 d5 28.
Bxd5 Nxd5 29. Rxd5 Bf6 30. Rc5 Rc6 31. Qxa4 Rxc5 32. Bxc5 b6 33. Bd4 Bxh4 34.
c5 bxc5 35. Bxc5 Bf6 36. Qd7 Qb8 37. Qd6 Qxd6 38. Rxd6 Be7 39. Rd5 Kf8 40.
Bxe7+ Kxe7 41. a4 Rc4 42. Rb5 Kd6 43. a5 Kc6 44. Rb6+ Kc7 45. Kf1 f5 46. Ke2
Rc2+ 47. Kf3 Rb2 48. g3 Rc2 49. b5 Rb2 50. Ke3 Rb4 51. Kd3 Rb2 52. Rc6+ Kd7 53.
Kc4 Rc2+ 54. Kd5 Rxf2 55. a6 Ra2 1-0

[Event "SV Empor Berlin-Greifswalder SV"]
[Site "Kiel"]
[Date "2019.09.09"]
[Round "6.2"]
[White "Breitzmann, Sander"]
[Black "Troyke, Jannis"]
[Result "0-1"]
[WhiteElo "1951"]
[BlackElo "1846"]
[Annotator "Rnd./Pair./Board: 06.004.02"]
[PlyCount "48"]
[EventDate "2019.??.??"]
[WhiteTeam "SV Empor Berlin"]
[BlackTeam "Greifswalder SV"]

1. e4 c5 2. Nf3 d6 3. d4 cxd4 4. Qxd4 Bd7 5. c4 Nc6 6. Qe3 g6 7. Nc3 Bg7 8. Be2
Nf6 9. h3 O-O 10. O-O Rc8 11. Rb1 Re8 12. Rd1 Qc7 13. Nb5 Qb8 14. b3 Nxe4 15.
Qxe4 Bf5 16. Qe3 Bxb1 17. g4 Bxa2 18. Bd2 a6 19. Na3 Qa7 20. Qd3 Qb6 21. Bc3
Bxc3 22. Qxc3 Qxb3 23. Rc1 Qxc3 24. Rxc3 Na5 0-1

[Event "SV Empor Berlin-Greifswalder SV"]
[Site "Kiel"]
[Date "2019.09.09"]
[Round "6.3"]
[White "Wucherer, Sophie"]
[Black "Ellert, Oliver"]
[Result "0-1"]
[WhiteElo "1582"]
[BlackElo "1632"]
[Annotator "Rnd./Pair./Board: 06.004.03"]
[PlyCount "112"]
[EventDate "2019.??.??"]
[WhiteTeam "Greifswalder SV"]
[BlackTeam "SV Empor Berlin"]

1. d4 Nf6 2. Nf3 e6 3. c4 d5 4. e3 c5 5. Nc3 Be7 6. dxc5 Bxc5 7. cxd5 Nxd5 8.
Nxd5 Qxd5 9. Qxd5 exd5 10. a3 O-O 11. b4 Bb6 12. Bb2 a5 13. b5 a4 14. Bc3 Nd7
15. Be2 Nc5 16. Bb4 Nb3 17. Rd1 Rd8 18. O-O Bg4 19. h3 Bh5 20. g4 Bg6 21. Bd3
Bxd3 22. Rxd3 d4 23. exd4 Nxd4 24. Nxd4 Bxd4 25. Rfd1 Bb6 26. Rd7 f6 27. Kg2
Rac8 28. Rxd8+ Rxd8 29. Re1 Rd7 30. Re4 Kf7 31. h4 g6 32. Kf1 Bd8 33. Be1 Rd5
34. Rxa4 Rxb5 35. Rb4 Rxb4 36. Bxb4 h6 37. h5 gxh5 38. gxh5 f5 39. f4 Be7 40.
Ke2 Bxb4 41. axb4 Ke6 42. Ke3 Kd5 43. b5 Kc5 44. b6 Kxb6 45. Kd4 Kc6 46. Ke5 b5
47. Kxf5 b4 48. Kg6 b3 49. f5 b2 50. f6 b1=Q+ 51. Kxh6 Kd7 52. Kg7 Ke6 53. h6
Qb7+ 54. f7 Qxf7+ 55. Kh8 Kf6 56. h7 Qg7# 0-1

[Event "SV Empor Berlin-Greifswalder SV"]
[Site "Kiel"]
[Date "2019.09.09"]
[Round "6.4"]
[White "Doraszelski, Alexander"]
[Black "Brandt, Mattis"]
[Result "1-0"]
[WhiteElo "1608"]
[BlackElo "1155"]
[Annotator "Rnd./Pair./Board: 06.004.04"]
[PlyCount "81"]
[EventDate "2019.??.??"]
[WhiteTeam "SV Empor Berlin"]
[BlackTeam "Greifswalder SV"]

1. e4 c5 2. c3 e6 3. d4 cxd4 4. cxd4 d6 5. Nc3 Nc6 6. Nf3 a6 7. Bd3 Be7 8. O-O
Nf6 9. a3 O-O 10. Bc2 b5 11. Qd3 e5 12. Ne2 Qb6 13. h3 d5 14. Nxe5 dxe4 15. Qc3
Nd5 16. Qxc6 Qxc6 17. Nxc6 Bf5 18. Ng3 Bd7 19. Nxe7+ Nxe7 20. Bxe4 Ra7 21. Be3
Rc7 22. Rac1 Rfc8 23. Bf4 Rxc1 24. Rxc1 Rxc1+ 25. Bxc1 f5 26. Bf3 h6 27. Bd2 g5
28. Bb7 f4 29. Ne4 Bc8 30. Bxc8 Nxc8 31. h4 gxh4 32. Nc5 h3 33. Nxa6 Nd6 34.
Bxf4 Nc4 35. Nc7 Nxb2 36. Nxb5 Nd3 37. Bxh6 h2+ 38. Kxh2 Nxf2 39. Bf4 Ne4 40.
d5 Kf7 41. Nd6+ 1-0

[Event "SchVGG Blankenese-SK Doppelbauer Kiel"]
[Site "Kiel"]
[Date "2019.09.09"]
[Round "6.1"]
[White "Farokhi, Keyvan"]
[Black "Burgtorf, Benjamin"]
[Result "1-0"]
[WhiteElo "1979"]
[BlackElo "1775"]
[Annotator "Rnd./Pair./Board: 06.005.01"]
[PlyCount "47"]
[EventDate "2019.??.??"]
[WhiteTeam "SK Doppelbauer Kiel"]
[BlackTeam "SchVGG Blankenese"]

1. d4 d5 2. Bf4 Nf6 3. e3 c5 4. c3 Nc6 5. Nd2 Qb6 6. Qb3 c4 7. Qc2 Qd8 8. b3 b5
9. a4 cxb3 10. Qxb3 bxa4 11. Qxa4 Bd7 12. Bb5 Qb6 13. c4 e5 14. dxe5 Nh5 15.
cxd5 Nxf4 16. dxc6 Nxg2+ 17. Kf1 Nxe3+ 18. fxe3 Be7 19. cxd7+ Kf8 20. Nc4 Qg6
21. Nf3 Qd3+ 22. Kf2 g5 23. Nb6 g4 24. Bxd3 1-0

[Event "SchVGG Blankenese-SK Doppelbauer Kiel"]
[Site "Kiel"]
[Date "2019.09.09"]
[Round "6.2"]
[White "von Rosen, Jakob"]
[Black "Rempe, Jonas"]
[Result "0-1"]
[WhiteElo "1732"]
[BlackElo "1893"]
[Annotator "Rnd./Pair./Board: 06.005.02"]
[PlyCount "162"]
[EventDate "2019.??.??"]
[WhiteTeam "SchVGG Blankenese"]
[BlackTeam "SK Doppelbauer Kiel"]

1. e4 e5 2. Nf3 Nc6 3. Bc4 Nf6 4. d3 Be7 5. c3 d6 6. O-O O-O 7. Nbd2 Na5 8. Bb3
Nxb3 9. Nxb3 c5 10. Re1 Bd7 11. d4 Qc7 12. Bg5 b6 13. dxe5 dxe5 14. Nxe5 Ba4
15. Bxf6 Bxf6 16. Ng4 Bg5 17. Qe2 Rad8 18. Ne3 Bxe3 19. Qxe3 Qd7 20. Re2 Bxb3
21. axb3 Qb5 22. c4 Qb4 23. h3 b5 24. Rxa7 bxc4 25. Ra4 Rd1+ 26. Kh2 Qb8+ 27.
g3 cxb3 28. Qxc5 Qd8 29. Qc4 Qd3 30. Qxd3 Rxd3 31. Rb4 g6 32. Re3 Rd2 33. Rexb3
Rxf2+ 34. Kg1 Re2 35. Kf1 Rh2 36. h4 Kg7 37. Rb8 Rxb8 38. Rxb8 Kf6 39. b4 Rb2
40. b5 Ke5 41. b6 Kxe4 42. Ke1 Kf3 43. h5 Kxg3 44. hxg6 hxg6 45. b7 Kg4 46. Kd1
g5 47. Kc1 Rb6 48. Kd2 f5 49. Ke3 Rb4 50. Kd3 f4 51. Kc3 Rb6 52. Kc4 f3 53. Kc5
Rb1 54. Kc6 f2 55. Rf8 Kg3 56. Kc7 Rxb7+ 57. Kxb7 Kg2 58. Rg8 f1=Q 59. Rxg5+
Kh3 60. Rd5 Qf7+ 61. Kc6 Qe6+ 62. Kc5 Kg4 63. Kd4 Kf4 64. Kc5 Qe3+ 65. Kd6 Qb6+
66. Kd7 Ke4 67. Rd6 Qb7+ 68. Ke6 Qc7 69. Rd7 Qe5+ 70. Kf7 Kf5 71. Re7 Qb8 72.
Rd7 Qb3+ 73. Ke7 Qe6+ 74. Kd8 Qb6+ 75. Ke7 Ke5 76. Ke8 Qc6 77. Ke7 Qf6+ 78. Ke8
Qh8+ 79. Ke7 Qh4+ 80. Ke8 Ke6 81. Rf7 Qh5 0-1

[Event "SchVGG Blankenese-SK Doppelbauer Kiel"]
[Site "Kiel"]
[Date "2019.09.09"]
[Round "6.3"]
[White "Grounev, Henry"]
[Black "Sell, Eero"]
[Result "0-1"]
[WhiteElo "1712"]
[BlackElo "1774"]
[Annotator "Rnd./Pair./Board: 06.005.03"]
[PlyCount "114"]
[EventDate "2019.??.??"]
[WhiteTeam "SK Doppelbauer Kiel"]
[BlackTeam "SchVGG Blankenese"]

1. e4 e5 2. Nf3 Nc6 3. Bc4 Bc5 4. c3 Nf6 5. d4 exd4 6. cxd4 Bb4+ 7. Nc3 d5 8.
exd5 Nxd5 9. O-O Bxc3 10. bxc3 O-O 11. Ba3 Re8 12. Bb2 Bg4 13. h3 Bh5 14. Bxd5
Qxd5 15. Qd3 Bxf3 16. Qxf3 Qxf3 17. gxf3 Re2 18. Rab1 Rae8 19. a3 Na5 20. Rfd1
Nc4 21. Bc1 Re1+ 22. Rxe1 Rxe1+ 23. Kg2 b6 24. Rb4 Nd6 25. Bf4 a5 26. Rb3 Re6
27. d5 Rg6+ 28. Kh2 Kf8 29. Bxd6+ Rxd6 30. c4 Ke7 31. f4 Rf6 32. Kg3 Kd6 33.
Re3 Rf5 34. Kg4 g6 35. h4 c6 36. dxc6 Kxc6 37. Re4 Kc5 38. f3 h5+ 39. Kg3 Rf6
40. Re5+ Kxc4 41. a4 Rf5 42. Re4+ Kb3 43. Rd4 b5 44. axb5 Rxb5 45. Rd3+ Kc4 46.
Ra3 Kb4 47. Rd3 a4 48. Rd4+ Kb3 49. Rd3+ Kc2 50. Re3 Ra5 (50... Rd5 51. Kf2)
51. Kf2 Ra7 52. Re2+ Kd3 53. Re3+ Kd4 54. Re4+ Kd5 55. Re5+ Kd6 56. Re1 a3 57.
Ke2 Re7+ 0-1

[Event "SchVGG Blankenese-SK Doppelbauer Kiel"]
[Site "Kiel"]
[Date "2019.09.09"]
[Round "6.4"]
[White "Tao, Alexander"]
[Black "Steinbach, Julian"]
[Result "1/2-1/2"]
[WhiteElo "1444"]
[BlackElo "1670"]
[Annotator "Rnd./Pair./Board: 06.005.04"]
[PlyCount "87"]
[EventDate "2019.??.??"]
[WhiteTeam "SchVGG Blankenese"]
[BlackTeam "SK Doppelbauer Kiel"]

1. e4 d6 2. Nc3 Nf6 3. Nf3 e5 4. Bc4 Be7 5. d3 O-O 6. O-O Be6 7. Bb3 Nc6 8. Ne2
Bg4 9. c3 Bxf3 10. gxf3 Nd7 11. f4 Nc5 12. Bd5 Qd7 13. f5 Bf6 14. b4 Ne7 15.
bxc5 Nxd5 16. exd5 dxc5 17. Ng3 Qxd5 18. Qe2 Rad8 19. Rd1 c4 20. Ne4 Kh8 21.
Nxf6 gxf6 22. f3 cxd3 23. Qe4 Rg8+ 24. Kf1 Qxe4 25. fxe4 Rg4 26. Ba3 Rd7 27.
Rab1 Rxe4 28. Rxb7 Rf4+ 29. Kg2 Rxf5 30. Bc1 e4 31. Bh6 Rd8 32. Rxc7 Ra5 33.
Rd2 Rg8+ 34. Kf2 Rh5 35. Bf4 Rf5 36. Ke3 Rg4 37. Rf2 Rd5 38. Kd2 Rh5 39. Ke3
Rd5 40. Kd2 Rh5 41. Bg3 Ra5 42. Ke3 Kg7 43. Re7 f5 44. Rd7 1/2-1/2

[Event "SG Jasmund-SV Mattnetz Berlin"]
[Site "Kiel"]
[Date "2019.09.09"]
[Round "6.1"]
[White "Huels, Maximilian"]
[Black "Johlke, Lukas"]
[Result "1/2-1/2"]
[WhiteElo "1920"]
[BlackElo "1637"]
[Annotator "Rnd./Pair./Board: 06.006.01"]
[PlyCount "47"]
[EventDate "2019.??.??"]
[WhiteTeam "SV Mattnetz Berlin"]
[BlackTeam "SG Jasmund"]

1. e4 e5 2. Nf3 Nc6 3. d4 exd4 4. Nxd4 Bc5 5. Be3 Qf6 6. Nb5 Bxe3 7. fxe3 Qh4+
8. g3 Qxe4 9. Nxc7+ Kd8 10. Nxa8 Qxh1 11. Qd6 Nge7 12. Nd2 Qxh2 13. O-O-O Nf5
14. Qc7+ Ke7 15. Qf4 d6 16. Qe4+ Be6 17. Nc7 Nxg3 18. Qd3 Nxf1 19. Nxf1 Qe5 20.
Nd2 d5 21. Nxe6 fxe6 22. Qb5 Rb8 23. Qd3 g6 24. Rh1 1/2-1/2

[Event "SG Jasmund-SV Mattnetz Berlin"]
[Site "Kiel"]
[Date "2019.09.09"]
[Round "6.2"]
[White "Johlke, Lorenz"]
[Black "Schnabel, Luise"]
[Result "1-0"]
[WhiteElo "1695"]
[BlackElo "1892"]
[Annotator "Rnd./Pair./Board: 06.006.02"]
[PlyCount "47"]
[EventDate "2019.??.??"]
[WhiteTeam "SG Jasmund"]
[BlackTeam "SV Mattnetz Berlin"]

1. e4 Nf6 2. e5 Nd5 3. c4 Nb6 4. d4 d6 5. f4 dxe5 6. fxe5 Bf5 7. Nc3 e6 8. Nf3
Bb4 9. a3 Bxc3+ 10. bxc3 c5 11. Be3 Nc6 12. Be2 O-O 13. O-O Na5 14. Bg5 Qd7 15.
Qe1 h6 16. Bf4 Nbxc4 17. Qg3 Kh8 18. Qh4 Bh7 19. Bxh6 gxh6 20. Qxh6 f6 21. exf6
Nd6 22. Ne5 Qc7 23. Ng6+ Kg8 24. Ne7+ 1-0

[Event "SG Jasmund-SV Mattnetz Berlin"]
[Site "Kiel"]
[Date "2019.09.09"]
[Round "6.3"]
[White "Grozea, Filip"]
[Black "Wellssow, Keoki"]
[Result "0-1"]
[WhiteElo "1736"]
[BlackElo "1659"]
[Annotator "Rnd./Pair./Board: 06.006.03"]
[PlyCount "70"]
[EventDate "2019.??.??"]
[WhiteTeam "SV Mattnetz Berlin"]
[BlackTeam "SG Jasmund"]

1. e4 g6 2. d4 Bg7 3. c4 d6 4. Nc3 Nc6 5. Be3 e5 6. Nge2 f5 7. d5 Nce7 8. f3
Nf6 9. Qd2 O-O 10. Nc1 Bd7 11. Nd3 a6 12. Be2 Kh8 13. b4 c6 14. O-O f4 15. Bf2
cxd5 16. cxd5 g5 17. Nb2 g4 18. Nc4 gxf3 19. Bxf3 Bg4 20. Bxg4 Nxg4 21. Bb6 Qd7
22. Ba5 Nc8 23. Rab1 b5 24. Nb2 Rf6 25. Rfc1 f3 26. gxf3 Rxf3 27. Qg2 Rf2 28.
Qg3 Bh6 29. Ncd1 Bf4 30. Qh4 Bxh2+ 31. Kh1 Rf1+ 32. Kg2 Rg1+ 33. Kf3 Qf7+ 34.
Ke2 Rg2+ 35. Ke1 Bg3+ 0-1

[Event "SG Jasmund-SV Mattnetz Berlin"]
[Site "Kiel"]
[Date "2019.09.09"]
[Round "6.4"]
[White "Wellssow, Lio Keanu"]
[Black "Stockter, Jasper Enno"]
[Result "1/2-1/2"]
[WhiteElo "1173"]
[BlackElo "1735"]
[Annotator "Rnd./Pair./Board: 06.006.04"]
[PlyCount "187"]
[EventDate "2019.??.??"]
[WhiteTeam "SG Jasmund"]
[BlackTeam "SV Mattnetz Berlin"]

1. e4 e6 2. d4 d5 3. e5 c5 4. c3 Nc6 5. Nf3 Qb6 6. a3 c4 7. Nbd2 Na5 8. g3 Bd7
9. h4 f6 10. Bh3 Be7 11. O-O Nc6 12. Re1 fxe5 13. Nxe5 Nxe5 14. Rxe5 Bf6 15.
Re1 O-O-O 16. b4 Rf8 17. Nf3 Ne7 18. a4 Nf5 19. Ba3 Qd8 20. b5 Rfg8 21. Bb4 g5
22. hxg5 Bxg5 23. Rb1 Qf6 24. Kh2 h5 25. Re5 Nh4 26. Nxg5 Rxg5 27. f4 Rhg8 28.
Rxg5 Rxg5 29. fxg5 Qf2+ 30. Kh1 Nf3 31. Bg2 Nxg5 32. Qxh5 Qxg3 33. Rf1 Ne4 34.
Rf8+ Kc7 35. Qe5+ Kb6 36. a5+ Kxb5 37. Qxg3 Nxg3+ 38. Kh2 Ne2 39. Rd8 Bc6 40.
Rd6 Nf4 41. Kg3 Nd3 42. Bc5 e5 43. Bxa7 exd4 44. Bxd4 Kxa5 45. Bxd5 Bxd5 46.
Rxd5+ b5 47. Kf3 Ka4 48. Ke2 Nf4+ 49. Kd2 Nxd5 50. Kc2 Ka5 51. Kb2 Ka6 52. Ka2
Kb7 53. Kb2 Kc6 54. Kc2 Kd6 55. Kd2 Ne7 56. Bg7 Kd5 57. Bd4 Nf5 58. Bg1 Ke4 59.
Kc2 Nh4 60. Bd4 Ng2 61. Bf2 Kf3 62. Bd4 Ke2 63. Kb2 Ne1 64. Kc1 Kd3 65. Bf6 Nf3
66. Kb2 Ne1 67. Ka3 Nc2+ 68. Ka2 Ne3 69. Ka3 Nd5 70. Bg7 Kc2 71. Bh8 Nxc3 72.
Kb4 Ne2 73. Kxb5 Kd3 74. Ba1 Nc1 75. Bh8 Nb3 76. Bb2 Nd2 77. Ba1 Nf3 78. Bh8
Nd4+ 79. Ka4 Nb3 80. Bb2 Nd2 81. Kb4 Ne4 82. Ba1 Ng3 83. Bc3 Nf5 84. Ba1 Ne3
85. Bh8 Nc2+ 86. Kb5 Nd4+ 87. Kb4 c3 88. Bg7 c2 89. Bh6 Nf3 90. Kb3 Nd2+ 91.
Kb2 Nc4+ 92. Kb3 Ne3 93. Bxe3 Kxe3 94. Kxc2 1/2-1/2